Antonio Honcala y Gaspar Daza : (Record n. 3323)
[ formato base ]
| 000 -LEADER | |
|---|---|
| fixed length control field | 00737nam a2200217 i 4500 |
| 003 - CONTROL NUMBER IDENTIFIER | |
| control field | IT-RoINE |
| 005 - DATE AND TIME OF LATEST TRANSACTION | |
| control field | 20150304044505.0 |
| 008 - FIXED-LENGTH DATA ELEMENTS--GENERAL INFORMATION | |
| fixed length control field | 980610s1998 sp |||| r 000|0bspa d |
| 020 ## - INTERNATIONAL STANDARD BOOK NUMBER | |
| International Standard Book Number | 8460572374 |
| 040 ## - CATALOGING SOURCE | |
| Original cataloging agency | UPSA |
| Modifying agency | IT-RoINE |
| Transcribing agency | IT-RoINE |
| 100 1# - MAIN ENTRY--PERSONAL NAME | |
| Personal name | Sánchez Sánchez, Andrés |
| 9 (RLIN) | 6670 |
| 245 10 - TITLE STATEMENT | |
| Title | Antonio Honcala y Gaspar Daza : |
| Remainder of title | dos abulenses ilustres del siglo XVI / |
| Statement of responsibility, etc | Andrés Sánchez Sánchez. |
| 260 ## - PUBLICATION, DISTRIBUTION, ETC. (IMPRINT) | |
| Place of publication, distribution, etc | Ávila : |
| Name of publisher, distributor, etc | Cabildo de la Catedral de Ávila, |
| Date of publication, distribution, etc | 1998. |
| 300 ## - PHYSICAL DESCRIPTION | |
| Extent | 247 p. ; |
| Dimensions | 23 cm. |
| 336 ## - CONTENT TYPE | |
| Source | rdacontent |
| Content type term | text |
| 337 ## - MEDIA TYPE | |
| Source | rdamedia |
| Media type term | unmediated |
| 338 ## - CARRIER TYPE | |
| Source | rdacarrier |
| Carrier type term | volume |
| 600 14 - SUBJECT ADDED ENTRY--PERSONAL NAME | |
| Personal name | Daza, Gaspar, |
| Dates associated with a name | m. 1592 |
| General subdivision | Biografía |
| 9 (RLIN) | 6672 |
| 600 14 - SUBJECT ADDED ENTRY--PERSONAL NAME | |
| 9 (RLIN) | 6671 |
| Personal name | Honcala, Antonio de, |
| Dates associated with a name | 1484-1565 |
| General subdivision | Biografía |
| 942 ## - ADDED ENTRY ELEMENTS (KOHA) | |
| Item type | Monografías |
| Withdrawn status | Lost status | Damaged status | Not for loan | Home library | Current library | Date acquired | Total Checkouts | Full call number | Barcode | Date last seen | Price effective from | Koha item type |
|---|---|---|---|---|---|---|---|---|---|---|---|---|
| Iglesia Nacional Española en Roma | Iglesia Nacional Española en Roma | 24/04/2014 | BIO 1358 | 3781 | 24/04/2014 | 24/04/2014 | Monografías |